00697nam a2200229Ia 4500001000600000003000900006008004100015040001300056040001300069041001300082100002000095100002800115245005800143245006500201250001100266260001100277260001600288260004900304300005500353650002800408650003100436 9904IT-RoPAU130308s9999 xx 000 0 und d aIT-RoPAU cIT-RoPAU aITALIANO aValente Attilio gCodice Aut. SPICS: 216 aSistema microfilm della biblioteca nazionale centrale bMetodologie di Analisi Economiche ed Organizzative per L'App a1a ed. aMODENA bStem Mucchi c1971 [1° Ed.:1971 - Ed.Ling.Originale:1971] a"3 p. (prefazione: no ; testo: 3 [pagine: 73-75])" aTECNICA CINEMATOGRAFICA eCodice materia Spics: 6802